Library of the University of Algiers 3
Ibrahim Sultan Cheibout
شعار جامعة الجزائر 3
مكتبة جامعة الجزائر 3
إبراهيم سلطان شيبوط

الثقة : (رقم التسجيلة. 45216)

تفاصيل مارك
000 -LEADER
fixed length control field 00928nam a2200193Ia 4500
003 - CONTROL NUMBER IDENTIFIER
control field Ost
005 - DATE AND TIME OF LATEST TRANSACTION
control field 20260507075632.0
008 - FIXED-LENGTH DATA ELEMENTS--GENERAL INFORMATION
fixed length control field 260507s9999||||xx |||||||||||||| ||und||
040 ## - CATALOGING SOURCE
Transcribing agency fsecg
041 ## - LANGUAGE CODE
Language code of text/sound track or separate title ara
082 ## - DEWEY DECIMAL CLASSIFICATION NUMBER
Classification number 179.9
100 ## - MAIN ENTRY--PERSONAL NAME
Personal name فوكوياما، فرانسيس
Relator term مؤلف
245 #0 - TITLE STATEMENT
Title الثقة :
Remainder of title الفضائل الإجتماعية ودورها في خلق الرخاء الإقتصادي /
Statement of responsibility, etc. فرانسيس فوكوياما
260 ## - PUBLICATION, DISTRIBUTION, ETC.
Place of publication, distribution, etc. دمشق:
Name of publisher, distributor, etc. منتدى العلاقات العربية والدولية,
Date of publication, distribution, etc. 2002
300 ## - PHYSICAL DESCRIPTION
Extent 351 صفحة؛
Dimensions 24 سم
520 ## - SUMMARY, ETC.
Summary, etc. فكرة الثقة، مجتمعات الثقة المتدينة والمفارقة في القيم العائلية ،مجتمعات الثقة العالية وتحديات الحفاظ على التواصل الإجتماعي ، المجتمع الأمريكي وأزمة الثقة
653 ## - INDEX TERM--UNCONTROLLED
Uncontrolled term الثقة
942 ## - ADDED ENTRY ELEMENTS (KOHA)
Koha item type كتب
المقتنيات
Withdrawn status Lost status Source of classification or shelving scheme Damaged status Not for loan Home library Current library Date acquired Serial enumeration / chronology Inventory number Total checkouts Full call number Barcode Date last seen Price effective from Koha item type
    Dewey Decimal Classification   NOT LOAN / إعارة داخلية مكتبة كلية العلوم الإقتصادية والعلوم التجارية وعلوم التسيير مكتبة كلية العلوم الإقتصادية والعلوم التجارية وعلوم التسيير 07/05/2026 الطابق الأرضي 713/1   أ/713ن1 713/1 07/05/2026 07/05/2026 كتب
    Dewey Decimal Classification   Available مكتبة كلية العلوم الإقتصادية والعلوم التجارية وعلوم التسيير مكتبة كلية العلوم الإقتصادية والعلوم التجارية وعلوم التسيير 07/05/2026 الطابق الثاني 713/2   أ/713ن2 713/2 07/05/2026 07/05/2026 كتب

موارد الويب المفتوحة


© University of Algiers 3 All Rights Reserved
|
Implemented by LECHELAH Riad